000 00579nam a2200217Ia 4500
003 OSt
005 20220928145018.0
006 a|||||r|||| 00| 0
007 ta
008 220927b |||||||| |||| 00| 0 eng d
024 _a78261
037 _cTextual
040 _aSDCL
_cSDCL
_beng
041 _2eng
_aeng
082 _aX.551'N7, M2
100 _aDeutschland Modell
_9511239
245 0 _aPolitical economy of West Germany. Ed by Andree S Markovits.
260 _c1982
942 _hX.551'N7, M2
_cTEXL
_2CC
999 _c831480
_d831480